000 00638nam a2200193 a 4500
001 000041172
005 20201002034658.0
008 130920s1988 sp 000 0 spa d
020 _a8400067843
040 _aDO-SdBNP
_bspa
_cBNPHU
082 _axxxxx
_bxxxxx
245 0 0 _aCarta magna de los Indios :
_bfuentes constitucionales, 1534-1609.
260 _aMadrid, :
_bCSIC,
_c1988.
300 _axiv, 361 p. ;
_c21 cm.
490 1 _aCorpus hispanorum de pace
_v27
504 _aIncluye referencias bibliográficas y notas al pie de las páginas
504 _aBibliografías : p. 341-343
830 0 _aCorpus hispanorum de pace
_n27
_967732
999 _c40662
_d40662